Normal view
MARC view
Entry Personal Name
001 - CONTROL NUMBER
- control field: 13337
003 - CONTROL NUMBER IDENTIFIER
- control field: OSt
005 - DATE AND TIME OF LATEST TRANSACTION
- control field: 20200128110759.0
008 - FIXED-LENGTH DATA ELEMENTS
- fixed length control field: 200128|| aca||aabn | a|a d
040 ## - CATALOGING SOURCE
- Original cataloging agency: OSt
- Transcribing agency: OSt
100 ## - HEADING--PERSONAL NAME
- Personal name: Ogg, Graham D.
670 ## - SOURCE DATA FOUND
- Source citation: Work cat.: (OSt): Ogg, Graham D., A Practical Guide to Quality Management in Clinical Trial Research , 2006
